| 000 | 00345 a2200157 4500 | ||
|---|---|---|---|
| 001 | 165270 | ||
| 020 | _a | ||
| 040 | _cMagnum | ||
| 100 | _aNicolelis, Giselda Laporta | ||
| 240 | 1 | 0 |
_aO rouxinol e o imperador _lpor |
| 245 | 1 | 0 | _aO rouxinol e o imperador |
| 362 | 0 | _a1899 | |
| 440 | 1 | _aModerna | |
| 697 | _aI/FADAS, FANTASIA | ||
| 942 | _cBK | ||
| 999 |
_c165270 _d165270 |
||